Teaching and researching computer-assisted language learning

Computers play a crucial and rapidly evolving role in education, particularly in the area of language learning. Far from being a tool mimicking a textbook or teacher, Computer-Assisted Language Learning (CALL) has the power to transform language learning through the pioneering application of innovat...

全面介紹

Đã lưu trong:
書目詳細資料
主要作者: Beatty, Ken
格式: 圖書
語言:Undetermined
出版: New York Longman 2010
主題:
標簽: 添加標簽
沒有標簽, 成為第一個標記此記錄!
Thư viện lưu trữ: Trung tâm Học liệu Trường Đại học Cần Thơ
LEADER 01056nam a2200229Ia 4500
001 CTU_238302
008 210402s9999 xx 000 0 und d
082 |a 418.00785 
082 |b B369 
100 |a Beatty, Ken 
245 0 |a Teaching and researching computer-assisted language learning 
245 0 |c Ken Beatty 
260 |a New York 
260 |b Longman 
260 |c 2010 
520 |a Computers play a crucial and rapidly evolving role in education, particularly in the area of language learning. Far from being a tool mimicking a textbook or teacher, Computer-Assisted Language Learning (CALL) has the power to transform language learning through the pioneering application of innovative research and practices. 
526 |a Ứng dụng công nghệ thông tin trong dạy học Tiếng Anh 
526 |b SG200 
650 |a Ngôn ngữ,Language and languages 
650 |x Chỉ dẫn hỗ trợ máy tính,Computer-assisted instruction 
910 |b dqhieu 
980 |a Trung tâm Học liệu Trường Đại học Cần Thơ